000 00909cam a22002531 4500
001 gs 31000285
003 DLC
005 20260227111336.0
008 810720s1930 bl f b 000 0 por c
010 _ags 31000285
035 _a(OCoLC)7598564
040 _aU.S. Geological Survey
_cNIC
_dDLC
050 0 0 _aQE235
_b.A27 vol. 10
051 _aQE729
_b.R4
100 1 _aReed, F. R. C.
_q(Frederick Richard Cowper),
_d1869-
245 0 4 _aUma nova fauna Permo-Carbonifera do Brazil,
_cpelo dr. F. R. Cowper Reed.
260 _aRio de Janeiro,
_bPapelaria Americana,
_c1930.
300 _a45, 7 p., 1 leaf, VIII pl.
_c30 cm.
490 0 _aBrazil. Serviço geologico e mineralogico. Monographias,
_vv. 10
500 _aAt head of title: Ministerio da agricultura, industria e commercio.
504 _aBibliographical foot-notes.
650 0 _aPaleontology
_zBrazil.
650 0 _aPaleontology
_yCarboniferous.
999 _c26924
_d26924